Регионална библиотека "Любен Каравелов" - Русе

Лечение на вътрешните болести (Запис номер 5652)

MARC детайли
000 -Лидер
Контролно поле с фиксирана дължина 02308nam a2200457 c 4500
003 - Код на организацията, давaща контролен номер
Контролно поле BLK
005 - Дата и час на последна редакция
Контролно поле 20241030135542.0
008 - Елементи от данни с фиксирана дължина
fixed length control field 180412b bul|||||r ||||||| ||bul||
010 ## - Наследен системен номер
LC control number KNG00006852000
020 ## - Международен стандартен номер на книга ISBN
Международен стандартен номер на книга ISBN 954-8320-01-0
040 ## - Източник на каталожния запис
Идентификатор на билиотеката - собственик на записа BLK
041 ## - Код за език
Код за езика на текст/звукозапис или на отделно заглавие Български
Код за езика КДБФ Български
080 ## - УДК
Текстов определител УДК Вътрешни болести
УДК код - определител по УДК 616.1/.4
УДК определител (075.8)
УДК - код + определител 616.1/.4(075.8)
100 1# - Редна дума - Автор
Автор Цанев, Асен Николов
Авторска отговорност първи автор
R(LIN) 250370
139 ## - Редно поле
Редна дума Лечение на вътрешните болести
Авторски знак Леч - Л 52
245 10 - Сведения за заглавието
Заглавие Лечение на вътрешните болести
Подзаглавни данни Учебник за студенти по медицина и преподготовка на лекари
Редно поле (дума) Асен Николов Цанев; Даниела Григорова Аврамова; Иван Стоянов Груев; Илия Любенов Попилиев; Константин Георгиев Чернев; Къньо Григоров Кънев; Мариета Петрова Георгиева; Никола Георгиев Александров; Никола Димитров Алексиев.
257 ## - Страна на издаване
Страна на създаване/издаване България
260 ## - Област на издателските данни
Име на издателя, разпространителя и проч. Магента
Година на издаване 1993
Печатница Варна : Офсет експрес
Място на издаване, разпространение и проч. София
300 ## - Физическа характеристика
Страници 278 с.
Илюстрации и др. с табл.
Размери/Мащаб 29 см
380 ## - Жанр
Жанр Медицина
500 ## - Общи забележки
Забележка 1 500 тир.
650 #4 - Допълнително описание по предмет – тема
Основно описание – тема или топоним Вътрешни болести - терапия
9 (RLIN) 250376
653 ## - Ключова дума – ненормативна
Ключова дума лечение
653 ## - Ключова дума – ненормативна
Ключова дума болести
653 ## - Ключова дума – ненормативна
Ключова дума вътрешни болести
700 ## - Други автори (авторска отговорност)
Лично име Аврамова, Даниела Григорова
Друга информация лекар
9 (RLIN) 250371
700 1# - Други автори (авторска отговорност)
Лично име Груев, Иван Стоянов
9 (RLIN) 250372
700 1# - Други автори (авторска отговорност)
Лично име Попилиев, Илия Любенов
9 (RLIN) 363844
700 1# - Други автори (авторска отговорност)
Лично име Чернев, Константин Георгиев
9 (RLIN) 250373
700 1# - Други автори (авторска отговорност)
Лично име Кънев, Къньо Григоров
9 (RLIN) 363845
700 1# - Други автори (авторска отговорност)
Лично име Георгиева, Мариета Петрова
9 (RLIN) 250374
700 1# - Други автори (авторска отговорност)
Лично име Александров, Никола Георгиев
9 (RLIN) 250375
700 1# - Други автори (авторска отговорност)
Лично име Алексиев, Никола Димитров
9 (RLIN) 363846
852 ## - Местоположение
Форматна сигнатура Цб ІІ 8229
Фондова буква Хранилище
856 4# - Електронен адрес и достъп
Електронен формат pdf - файл
Път до файла /url/
856 4# - Електронен адрес и достъп
Електронен формат pdf - файл
Път до файла /url/
999 ## - СИСТЕМНИ КОНТРОЛНИ НОМЕРА
Koha biblionumber 5652
Koha biblioitemnumber 5652
942 ## - АРТИКУЛИ
Вид на библиотечния материал Книги
Скрит в OPAC Не
Периодичен библиозапис Да
944 ## - СЪЗДАВАНЕ И РЕДАКЦИЯ на ЗАПИСА
Създаване/Редакция Създаване
Дата на регистрацията/редакция 15.01.2003
Служител, извършил регистрацията/редакцията 30560
Статус, дата на статуса Геновева Генчева
944 ## - СЪЗДАВАНЕ И РЕДАКЦИЯ на ЗАПИСА
Създаване/Редакция Редакция
Дата на регистрацията/редакция 18.03.2004
999 ## - СИСТЕМНИ КОНТРОЛНИ НОМЕРА
Koha biblioitemnumber 5652
Наличности
Код за отписване Код за изгубен артикул Източник на класификационната схема Код за повреда Коз за рестрикции Код за отдаване Артикулен № Име на библиотеката - собственик Име на библиотеката, в която се намира в момента Статус (Текущо местоположение) Дата на вписване в системата Местоположение - отдел Цена в лева Инвентарен номер Систематично азбучна сигнатура Баркод Номер на екземпляра Цена в евро Служебна бележка Служебен тип на артикула
  Не е изгубен Universal Decimal Classification Не е повреден само за читалня ползва се в читалня 9992 Регионална библиотека "Любен Каравелов" Русе Регионална библиотека "Любен Каравелов" Русе Хранилище 1995-01-01 Хранилище 0.00 611918 Цб ІІ 8229 120000611918 1 0.00 Дост: Dp Вид: Д N: 16 Дата: 01.01.1995 Книги
  Не е изгубен Universal Decimal Classification Не е повреден без рестрикции ползва се в читалня 9993 Регионална библиотека "Любен Каравелов" Русе Регионална библиотека "Любен Каравелов" Русе Читалня 1994-01-01 Читалня 6.30 585762 Ч 616/Л 52 120000585762 2 3.22 Дост: Pk Вид: Ф N: стар фонд Дата: 01.01.1994 Дата инв: 20.03.2017 Бележки инв: Ч2017 Книги
Vip Innovations Ltd, Rousse, Bulgaria 2025